Statistics for EU leaders

Click here to take the quiz!

General Stats

  • This quiz has been taken 28 times
  • The average score is 11 of 27

Answer Stats

CountryTitleName% Correct
FrancePresidentEmmanuel Macron
100%
ItalyPrime MinisterGiorgia Meloni
83%
GermanyChancellorOlaf Scholz
83%
HungaryPrime MinisterViktor Orbán
79%
NetherlandsPrime MinisterMark Rutte
71%
PolandPrime MinisterDonald Tusk
63%
SpainPrime MinisterPedro Sánchez
58%
BelgiumPrime MinisterAlexander De Croo
54%
EstoniaPrime MinisterKaja Kallas
50%
AustriaChancellorKarl Nehammer
50%
RomaniaPresidentKlaus Iohannis
42%
DenmarkPrime MinisterMette Frederiksen
42%
Czech RepublicPrime MinisterPetr Fiala
42%
SlovakiaPrime MinisterRobert Fico
42%
GreecePrime MinisterKyriakos Mitsotakis
33%
FinlandPrime MinisterPetteri Orpo
33%
SloveniaPrime MinisterRobert Golob
33%
PortugalPrime MinisterAntónio Costa
29%
IrelandTaoiseachLeo Varadkar
29%
SwedenPrime MinisterUlf Kristersson
29%
CroatiaPrime MinisterAndrej Plenković
25%
BulgariaPrime MinisterNikolay Denkov
17%
LatviaPrime MinisterEvika Siliņa
8%
LithuaniaPresidentGitanas Nausėda
8%
MaltaPrime MinisterRobert Abela
8%
LuxembourgPrime MinisterLuc Frieden
4%
CyprusPresidentNikos Christodoulides
4%

Score Distribution

Percentile by Number Answered

Percent of People with Each Score

Your Score History

You have not taken this quiz